Sigourney Weaver Movies Quiz Stats

 Plays Quiz Updated Dec 31, 2020

Support Sporcle.
Go Orange.
Score 0/58 Timer 11:00
5 Plays Today
Year Movie % Correct
1979Alien
89.2%
1986Aliens
78.2%
1984Ghostbusters
76.5%
2016Ghostbusters
76.4%
1992Alien 3
65.9%
1989Ghostbusters II
59.9%
1997Alien: Resurrection
47.9%
2009Avatar
46.7%
1988Gorillas in the Mist
38.9%
1988Working Girl
29.2%
1999Galaxy Quest
28.5%
2016Finding Dory
22.9%
2008WALL-E
22.4%
2003Holes
22.3%
2012The Cabin in the Woods
19%
1993Dave
18.8%
2011Paul
18.5%
2001Heartbreakers
18.1%
1995Copycat
17.6%
19921492: Conquest of Paradise
16.3%
1997The Ice Storm
15.2%
2015Chappie
14.1%
1982The Year of Living Dangerously
14.1%
2008Baby Mama
13.6%
2010You Again
13.1%
2004The Village
12.6%
2016A Monster Calls
12.5%
1994Death and the Maiden
11.6%
2014Exodus: Gods and Kings
11.4%
Year Movie % Correct
1981Eyewitness
11.1%
2011Abduction
11%
2008Vantage Point
10.7%
2012Red Lights
10.6%
1986Half Moon Street
10.5%
2006Snow Cake
10%
2011Cedar Rapids
10%
2000Tadpole
9.9%
2012Vamps
9.8%
2012The Cold Light of Day
9.6%
1999A Map of the World
9.6%
2008Be Kind Rewind
9.6%
2006Infamous
9.5%
2011Rampart
9.3%
1983Deal of the Century
9.1%
2020My Salinger Year
8.9%
2006The TV Set
8.7%
2000Company Man
8.6%
2004Imaginary Heroes
8.6%
2008The Tale of Despereaux
8.6%
2002The Guys
8.4%
2007The Girl in the Park
8.4%
1995Jeffrey
8.4%
2010Crazy on the Outside
8.3%
2006Happily N'Ever After
8.1%
2001Big Bad Love
7.8%
1985One Woman or Two
7.5%
2017The Meyerowitz Stories (New and Selected)
7.3%
2016The Assignment
7%

From the Vault

Fortnite Battle Royale Map (Season 4)

by ConorRM

Gaming 3m
When you get them all, don't forget to do a victory dance.
Remove Ads.
Support Sporcle.
Get the best of Sporcle when you Go Orange. This ad-free experience offers more features, more stats, and more fun while also helping to support Sporcle. Thank you for becoming a member.

Show Comments

Extras

Top Quizzes Today


Score Distribution

Your Account Isn't Verified!

In order to create a playlist on Sporcle, you need to verify the email address you used during registration. Go to your Sporcle Settings to finish the process.

Report this User

Report this user for behavior that violates our Community Guidelines.

Details: